000 00662cam a2200241 4500
001 M86903
008 090401t1997 xxu||||| |||| 00| 0 eng d
035 _a(Sirsi) u81300
041 _aeng
050 _a333.33025
110 _aRoyal Institution of Chartered Surveyors
_94900
245 _aJunior Organisation directory 1997/98.
260 _aLondon
_bRICS
_c1997
300 _a70p. ; 21cm.
350 _a0
520 _aB Copy at Enquiry Desk.
650 _aABOUT RICS-RICS MEMBERS
650 _aDIRECTORIES
650 _aJUNIOR ORGANISATION
690 _aMANAGEMENT-BUSINESS MANAGEMENT-PROFESSIONAL PRACTICE
942 _n0
948 _c07/10/1997
999 _c96693
_d96693